<?xml version="1.0" encoding="UTF-8"?>
<record
    xmlns:xsi="http://www.w3.org/2001/XMLSchema-instance"
    xsi:schemaLocation="http://www.loc.gov/MARC21/slim http://www.loc.gov/standards/marcxml/schema/MARC21slim.xsd"
    xmlns="http://www.loc.gov/MARC21/slim">

  <leader>02116nam a2200337 i 4500</leader>
  <controlfield tag="001">nkc20243606738</controlfield>
  <controlfield tag="003">CZ PrSKC</controlfield>
  <controlfield tag="005">20260507091159.0</controlfield>
  <controlfield tag="007">ta</controlfield>
  <controlfield tag="008">240517s2024    xr     g      000 f cze  </controlfield>
  <datafield tag="020" ind1=" " ind2=" ">
    <subfield code="a">9788076893825</subfield>
  </datafield>
  <datafield tag="040" ind1=" " ind2=" ">
    <subfield code="a">ABG001</subfield>
    <subfield code="b">cze</subfield>
    <subfield code="e">rda</subfield>
  </datafield>
  <datafield tag="041" ind1="1" ind2=" ">
    <subfield code="a">cze</subfield>
    <subfield code="h">eng</subfield>
  </datafield>
  <datafield tag="072" ind1=" " ind2="7">
    <subfield code="a">821.111-3</subfield>
    <subfield code="x">Anglick&#xE1; pr&#xF3;za, anglicky psan&#xE1;</subfield>
    <subfield code="2">Konspekt</subfield>
  </datafield>
  <datafield tag="080" ind1=" " ind2=" ">
    <subfield code="a">821.111-31</subfield>
    <subfield code="2">MRF</subfield>
  </datafield>
  <datafield tag="080" ind1=" " ind2=" ">
    <subfield code="a">(0:82-311.6)</subfield>
    <subfield code="2">MRF</subfield>
  </datafield>
  <datafield tag="100" ind1="1" ind2=" ">
    <subfield code="a">Nguy&#x1EC5;n, Phan Qu&#x1EBF; Mai,</subfield>
    <subfield code="d">1973-</subfield>
    <subfield code="4">aut</subfield>
    <subfield code="9">18574</subfield>
  </datafield>
  <datafield tag="240" ind1="1" ind2="0">
    <subfield code="a">Dust child.</subfield>
    <subfield code="l">&#x10C;esky</subfield>
  </datafield>
  <datafield tag="245" ind1="1" ind2="0">
    <subfield code="a">D&#xED;t&#x11B; prachu /</subfield>
    <subfield code="c">Nguy&#x1EC5;n Phan Qu&#x1EBF; Mai ; z anglick&#xE9;ho origin&#xE1;lu Dust child ... p&#x159;elo&#x17E;ila Bronislava Grygov&#xE1;</subfield>
  </datafield>
  <datafield tag="250" ind1=" " ind2=" ">
    <subfield code="a">Prvn&#xED; vyd&#xE1;n&#xED;</subfield>
  </datafield>
  <datafield tag="264" ind1=" " ind2="1">
    <subfield code="a">V Brn&#x11B; :</subfield>
    <subfield code="b">Jota,</subfield>
    <subfield code="c">2024</subfield>
  </datafield>
  <datafield tag="300" ind1=" " ind2=" ">
    <subfield code="a">302 stran ;</subfield>
    <subfield code="c">22 cm</subfield>
  </datafield>
  <datafield tag="520" ind1="2" ind2=" ">
    <subfield code="a">P&#x159;&#xED;b&#x11B;h o rodinn&#xFD;ch tajemstv&#xED;ch, potla&#x10D;ovan&#xFD;ch traumatech i nekone&#x10D;n&#xE9; s&#xED;le odpu&#x161;t&#x11B;n&#xED;, kter&#xFD; za&#x10D;&#xED;n&#xE1; b&#x11B;hem v&#xE1;lky ve Vietnamu a pokra&#x10D;uje i mnoho let pot&#xE9;.</subfield>
    <subfield code="b">Roku 1969 se sestry Trang a Quynh rozhodnou odej&#xED;t z rodn&#xE9; vesnice za prac&#xED; do Saigonu, aby pomohly rodi&#x10D;&#x16F;m splatit dluhy. Zam&#x11B;stnat se nechaj&#xED; v baru, kde maj&#xED; flirtovat s americk&#xFD;mi voj&#xE1;ky (a sem tam i n&#x11B;co v&#xED;c) a p&#x159;im&#x11B;t je co nejv&#xED;ce utr&#xE1;cet. Netrv&#xE1; to dlouho a stydliv&#xE1; Trang se bezhlav&#x11B; zamiluje do mlad&#xE9;ho a okouzluj&#xED;c&#xED;ho pilota vrtuln&#xED;ku Dana. Krut&#xE1; doba v&#x161;ak jejich l&#xE1;sce nep&#x159;eje. O n&#x11B;kolik desetilet&#xED; pozd&#x11B;ji se Dan vrac&#xED; do Vietnamu se svou man&#x17E;elkou Lindou. Douf&#xE1;, &#x17E;e si tak zahoj&#xED; star&#xE9; r&#xE1;ny a vy&#x159;e&#x161;&#xED; i sv&#xE1; tajemstv&#xED; z minulosti. Ve stejn&#xE9; dob&#x11B; se Phong, syn afroamerick&#xE9;ho voj&#xE1;ka a Vietnamky, sna&#x17E;&#xED; se svou &#x17E;enou a dv&#x11B;ma d&#x11B;tmi dostat do USA, kde by r&#xE1;d rodin&#x11B; zajistil lep&#x161;&#xED; &#x17E;ivot. S&#xE1;m vyr&#x16F;stal v sirot&#x10D;inci, na n&#x11B;j&#x17E; nem&#xE1; pr&#xE1;v&#x11B; dobr&#xE9; vzpom&#xED;nky. Byl p&#x159;ece synem nep&#x159;&#xED;tele. D&#xED;t&#x11B;tem prachu. Nakladatelsk&#xE1; anotace. Kr&#xE1;ceno.</subfield>
  </datafield>
  <datafield tag="655" ind1=" " ind2="7">
    <subfield code="a">anglicky psan&#xE9; rom&#xE1;ny</subfield>
    <subfield code="9">1502</subfield>
  </datafield>
  <datafield tag="655" ind1=" " ind2="7">
    <subfield code="a">historick&#xE9; rom&#xE1;ny</subfield>
  </datafield>
  <datafield tag="655" ind1=" " ind2="9">
    <subfield code="a">fiction in English</subfield>
    <subfield code="9">2500</subfield>
  </datafield>
  <datafield tag="655" ind1=" " ind2="9">
    <subfield code="a">historical novels</subfield>
  </datafield>
  <datafield tag="700" ind1="1" ind2=" ">
    <subfield code="a">Grygov&#xE1;, Bronislava,</subfield>
    <subfield code="d">1959-</subfield>
    <subfield code="4">trl</subfield>
    <subfield code="9">7352</subfield>
  </datafield>
  <datafield tag="910" ind1=" " ind2=" ">
    <subfield code="a">ABG508</subfield>
  </datafield>
  <datafield tag="952" ind1=" " ind2=" ">
    <subfield code="1">0</subfield>
    <subfield code="2">udc</subfield>
    <subfield code="4">0</subfield>
    <subfield code="0"></subfield>
  </datafield>
  <datafield tag="999" ind1=" " ind2=" ">
    <subfield code="c">34257</subfield>
    <subfield code="d">34257</subfield>
  </datafield>
</record>
